Statistics for NFL Undrafted Pro Bowlers Since 2010

Click here to take the quiz!

General Stats

  • This quiz has been taken 33 times
  • The average score is 11 of 55

Answer Stats

YearCollegePositionTeam They Signed WithAnswer% Correct
2020UtahQBBaltimore RavensTyler Huntley
90%
2018MarylandCBNew England PatriotsJ.C. Jackson
68%
2012TexasKBaltimore RavensJustin Tucker
61%
2018ColoradoRBDenver BroncosPhillip Lindsay
58%
2020FloridaPKansas City ChiefsTommy Townsend
58%
2012StanfordSSan Francisco 49ersMichael Thomas
55%
2017MaineFBBaltimore RavensPatrick Ricard
52%
2013Minnesota StateWRMinnesota VikingsAdam Thielen
39%
2014West AlabamaCBNew England PatriotsMalcolm Butler
35%
2017Georgia SouthernKLos Angeles ChargersYounghoe Koo
35%
2011Oklahoma StateKDallas CowboysDan Bailey
32%
2011StanfordWRSeattle SeahawksDoug Baldwin
32%
2012Oregon StatePLos Angeles RamsJohnny Hekker
32%
2011KanasasCBDenver BroncosChris Harris Jr.
29%
2012AuburnLSAtlanta FalconsJosh Harris
29%
2019TCUWRDallas CowboysKaVonte Turpin
26%
2019NC StatePLas Vegas RaidersA.J. Cole III
23%
2016AugustanaFBMinnesota VikingsC.J. Ham
23%
2013CaliforniaRBDenver BroncosC.J. Anderson
19%
2017Valdosta StateCBNew England PatriotsKenny Moore II
19%
2012Arizona StateLBCincinnati BengalsVontaze Burfict
19%
2014RiceKHouston TexansChris Boswell
16%
2014Colorado StateLBDenver BroncosShaquil Barrett
16%
2010MassachusettsWRNew York GiantsVictor Cruz
16%
2010ArmyOTPhiladelphia EaglesAlejandro Villanueva
13%
2019Assumption CollegeWRNew Orleans SaintsDeonte Harty
13%
2013MaristKJacksonville JaguarsJason Myers
13%
2016Georgia StateKBaltimore RavensWil Lutz
13%
2013Western KentuckyTETennessee TitansJack Doyle
10%
2018Mississippi StateSNew Orleans SaintsJ.T. Gray
10%
2013OklahomaPChicago BearsTress Way
10%
2016Southern OregonKTennessee TitansAldrick Rosas
6%
2016WashingtonLBLos Angeles RamsCory Littleton
6%
2019RicePKansas City ChiefsJack Fox
6%
2016William & MaryLSTampa Bay BuccaneersLuke Rhodes
6%
2010TennesseeLSBaltimore RavensMorgan Cox
6%
2011Central MichiganLBNew York JetsNick Bellore
6%
2014Kent StateFBAtlanta FalconsRoosevelt Nix
6%
2012WyomingSCleveland BrownsTashaun Gipson
6%
2014HarvardLSNew England PatriotsTyler Ott
6%
2014TexasSLos Angeles ChargersAdrian Phillips
3%
2013UCFCBHouston TexansA.J. Bouye
3%
2012RutgersLSTampa Bay BuccaneersAndrew DePaola
3%
2013TroySBaltimore RavensBrynden Trawick
3%
2014IowaLSDallas CowboysCasey Kreiter
3%
2010TiffinRBNew Orleans SaintsChris Ivory
3%
2014AuburnKIndianapolis ColtsCody Parkey
3%
2010South CarolinaSLos Angeles RamsDarian Stewart
3%
2011Ohio StateLSLos Angeles RamsJack McQuaide
3%
2010BrownFBCincinnati BengalsJames Develin
3%
2018South AlabamaSPhiladelphia EaglesJeremy Reaves
3%
2017IllinoisCBHouston TexansJustin Hardee Sr.
3%
2011South CarolinaFBLos Angeles ChargersPatrick DiMarco
3%
2015Old DominionLSChicago BearsRick Lovato
3%
2010Miami (FL)CBGreen Bay PackersSam Shields
3%

Score Distribution

Percentile by Number Answered

Percent of People with Each Score

Your Score History

You have not taken this quiz